000
00174 a2200097 4500
020
_a
9788434817029
041
_a
spa
100
_a
Lobe, Mira
245
_a
Berni
942
_c
BK
999
_c
15489
_d
15489